Представление документа в формате MARC21

Поле Инд. ПП Название Значение
Тип записи a
Библиографический уровень b
001 Контрольный номер DU/591968907
005 Дата корректировки 20220304154423.5
008 Кодируемые данные 20180827
040 b Код языка каталог. rus
e Правила каталог. PSBO
041 0_ a Код языка текста rus
084 a Индекс другой классификации/Индекс ББК 60.51(2)6
100 1_ a Автор Лукьянов В. Г.
q Полное имя Лукьянов Вячеслав Георгиевич
245 10 a Заглавие Методология научного познания и теория ценности П. А. Сорокина
504 a Библиография Библиогр.: с. 194
520 0_ a Аннотация В статье раскрывается определенная смена понятийных приоритетов П. А. Сорокина в связи с разработкой им интегралистской социологии на фундаменте теории тценности, что позволило русско-американскому социологу с новых, аксиологических позиций объяснить проблемы развития общества и культуры
600 14 a Персоналии Сорокин Питирим Александрович
650 14 a Основная рубрика история социологии
a Основная рубрика социология
653 1_ a Ключевые слова XX век
a Ключевые слова интегрализм
a Ключевые слова культура
a Ключевые слова Россия
a Ключевые слова социальные явления
a Ключевые слова социокультурные явления
a Ключевые слова социокультурный мир
a Ключевые слова теория ценностей
773 08 t Заглавие источника Вестник Московского университета. Серия 18, Социология и политология
d Дата издания источника 2012
g Прочая информация № 1. - С. 182 - 194
w Контрольный № источника RU/IS/BASE/392489925
901 t Тип документа b